Biotechnology for the Environment: Strategy and Fundamentals : Volume 3A

Na minha lista:
Detalhes bibliográficos
Main Authors: Agathos, Spiros N. (Author), Reineke, Walter (Author)
Formato: Livro
Idioma:inglês
Publicado em: Dordrecht : Kluwer Academic Publishers, 2002
Colecção:Focus on Biotechnology
Tags: Adicionar Tag
Sem tags, seja o primeiro a adicionar uma tag!

MARC

LEADER 00000nam a22000003a 4500
001 stu76911
005 20150617225645.3
008 020801s2002----ne------------------eng-d
020 |a 1-4020-0529-6 
040 |a STU  |b slo 
041 0 |a eng 
044 |a ne 
080 |a 577.3+620.9 
100 1 |a Agathos, Spiros N.  |4 aut 
245 1 |a Biotechnology for the Environment: Strategy and Fundamentals :  |b Volume 3A 
260 |a Dordrecht :  |b Kluwer Academic Publishers,  |c 2002 
300 |a 241 s. Obr.,tab.,grafy,lit 
700 1 |a Reineke, Walter  |4 aut 
830 0 |a Focus on Biotechnology 
996 |b C96861  |c C*96861  |l CCXV  |s P  |a 0  |w stu76911_0001